000 00614nam a2200193 i 4500
001 36150
003 ES-MaACL
005 20260504130822.0
007 t|
008 030217s1972 sp ||||1| spa d
100 _aBreton, André,
_d1896-1966
_9239133
245 1 0 _aArcane 17
_b: Seguido de Ajours y Luz negra /
_cAndré Breton ; versión Ramón Mayrata y Carlos Wert.
260 _a[Madrid] :
_bAl-Borak,
_c[1972]
300 _a151 p. ;
_c21 cm.
700 1 _aMayrata, Ramón.
_979442
700 1 _aWert, Carlos.
_9116516
852 _aES-MaACL
_jC-45249
_bR.83493
999 _c36150
_d36150